Nová ekonomika (znalostná ekonomika) a rozvoj vedy a výskumu

Globalizácia hospodárstva. Význam znalostnej ekonomiky. Vedomostná spoločnosť. Narastajúca medzinárodná konkurencia. Lisabonský proces a Slovensko. Postavenie a úloha univerzít pri plnení Lisabonského procesu. Trendy vo sfére vysokoškolského vzdelávania a vedy. Verejná podpora základnej vedy a zákla...

Full description

Saved in:
Bibliographic Details
Main Author: Gonda, Vladimír
Format: Book Chapter
Language:Slovak
Subjects:
Tags: Add Tag
No Tags, Be the first to tag this record!

MARC

LEADER 00000nla$a2200000$$$4500
001 0079818
005 20240502071916.5
041 0 |a slo 
044 |a SK 
245 1 0 |a Nová ekonomika (znalostná ekonomika) a rozvoj vedy a výskumu  |c Vladimír Gonda 
520 |a Globalizácia hospodárstva. Význam znalostnej ekonomiky. Vedomostná spoločnosť. Narastajúca medzinárodná konkurencia. Lisabonský proces a Slovensko. Postavenie a úloha univerzít pri plnení Lisabonského procesu. Trendy vo sfére vysokoškolského vzdelávania a vedy. Verejná podpora základnej vedy a základného výskumu. 
610 2 0 |a ekonomika vedomostná 
610 2 0 |a veda 
610 2 0 |a výskum 
610 2 0 |a investície 
610 2 0 |a konkurencieschopnosť 
610 2 0 |a vzdelanie 
610 2 0 |a školy vysoké 
100 1 |a Gonda, Vladimír